Normal view
MARC view
- تاليف دوس، جيمس . س؛ ترجمة صالح عبد العزيز، ترجمة محمد السيد غلاب، مراجعة محمد علي مصطفى
Entry Personal Name
001 - CONTROL NUMBER
- control field: 8187
003 - CONTROL NUMBER IDENTIFIER
- control field: JO-AjAnu
005 - DATE AND TIME OF LATEST TRANSACTION
- control field: 20230606071624.0
008 - FIXED-LENGTH DATA ELEMENTS
- fixed length control field: 230606|| aca||aabn | a|a d
040 ## - CATALOGING SOURCE
- Original cataloging agency: JO-AjAnu
- Transcribing agency: JO-AjAnu
100 ## - HEADING--PERSONAL NAME
- Personal name: تاليف دوس، جيمس . س؛ ترجمة صالح عبد العزيز، ترجمة محمد السيد غلاب، مراجعة محمد علي مصطفى
670 ## - SOURCE DATA FOUND
- Source citation: Work cat.: (JO-AjAnu)4229: تاليف دوس، جيمس . س؛ ترجمة صالح عبد العزيز، ترجمة محمد السيد غلاب، مراجعة محمد علي مصطفى , author, الأسس العامة لنظريات التربية